Online Catalogue and eLibrary

Pursuing death : (Record no. 692)

MARC details
000 -LEADER
fixed length control field 00439nam a2200157Ia 4500
005 - DATE AND TIME OF LATEST TRANSACTION
control field 20240628041138.0
008 - FIXED-LENGTH DATA ELEMENTS--GENERAL INFORMATION
fixed length control field 240331s9999 xx 000 0 und d
082 ## - DDC Classification
Class No. 100
Item Number - Author Mark SET
100 ## - MAIN ENTRY--PERSONAL NAME
Personal name Settar, S
245 #0 - TITLE STATEMENT
Title Pursuing death :
Remainder of title philosophy and practice of voluntary termination of life
260 ## - PUBLICATION, DISTRIBUTION, ETC.
Place of publication, distribution, etc. Dharwad
Name of publisher, distributor, etc. Institute of Indian Art History
Date of publication, distribution, etc. 1990
300 ## - PHYSICAL DESCRIPTION
Extent (e.g. Volumes, Pages etc.) xxxi, 414 p .,
650 ## - SUBJECT ADDED ENTRY--TOPICAL TERM
Topical term or geographic name entry element Philosophy
650 ## - SUBJECT ADDED ENTRY--TOPICAL TERM
Topical term or geographic name entry element History
942 ## - Koha item type (Biblio)
Koha item type Books in Stacks (Lending)
Holdings
Lost status Damaged status Collection code Home library Current library Shelving location Date acquired Full call number Accession Number Item type
    Lending WERC Library WERC Library Social Science Cupboard 03/31/2024 100 SET 1497 Books in Stacks (Lending)

© WERC Library